Estudios matemáticos
שמור ב:
| מחבר ראשי: | |
|---|---|
| פורמט: | ספר |
| שפה: | ספרדית |
| יצא לאור: |
Viña del Mar
Universidad de Viña del Mar
1999
|
| נושאים: | |
| תגים: |
הוספת תג
אין תגיות, היה/י הראשונ/ה לתייג את הרשומה!
|
MARC
| LEADER | 00000nam a2200000 a 4500 | ||
|---|---|---|---|
| 001 | UCO1441 | ||
| 003 | CL-VaPUC | ||
| 008 | 000512e19990000CL |||||||||||||||||spa|d | ||
| 082 | 0 | 4 | |a 510 |b IOM |2 21 |
| 100 | |a Iommi Amunátegui, Godofredo Tomás |e autor |9 604202 | ||
| 245 | 1 | 0 | |a Estudios matemáticos |
| 300 | |a 64 p | ||
| 942 | |c BK | ||
| 945 | |d 20000512 00:00:00 |a vberengu | ||
| 260 | |a Viña del Mar |b Universidad de Viña del Mar |c 1999 | ||
| 650 | 0 | |a Análisis vectorial |9 260451 | |
| 650 | 0 | |a Matemática |9 260235 | |
| 650 | 0 | |a Matemáticas historia |9 321726 | |
| 583 | |a last modification |c 20180314 14:49:20 |k Rodrigo Vera | ||
| 999 | |c 288062 |d 288060 | ||
| 952 | |0 0 |1 0 |4 0 |6 510_000000000000000_IOM_1999 |7 0 |8 A |9 335253 |a BIBMAT |b BIBMAT |d 2019-11-20 |i 3615995 |o 510 IOM 1999 |p 3615995 |r 2025-01-07 |w 2019-11-20 |y BK |k MAT | ||